000 00799nam a2200289Ia 4500
003 OSt
005 20221006151820.0
006 a|||||r|||| 00| 0
007 ta
008 221006b |||||||| |||| 00| 0 eng d
020 _a9780520048638
_c140.00
024 _a23,476
037 _cTextual
040 _aEASL
_cEASL
_beng
041 _2eng
_aeng
082 _aT2.42.N7, M3
100 _aROHLEN Thomas P
_9237957
245 0 _aJapan's high school
260 _aBerkeley
_bUniversity of California Press
_c1983
300 _axii,364p.
_ccm.
490 _v JEL
650 _a Educational anthropology Japan
_9660059
650 _a JEL
650 _aEducational sociology Japan
_9660060
942 _hT2.42.N7, M3
_cTEXL
_2CC
999 _c1091562
_d1091562